000
00250nam a22001097a 4500
082
_a
621.462 DUD'C
100
_a
DUDLEY, A. M
_9
41298
245
_a
CONNECTING INDUCTION MOTORS
260
_a
NEWYORK
_b
MCGRAW HILL
_c
1936
300
_a
464P
942
_c
BK
999
_c
579337
_d
579337